000 00810nam a2200229Ia 4500
003 GCL
008 140319s9999 xx 000 0 ara d
040 _aGCL /
_cGCL
082 0 4 _a953.076
_bف م
100 1 _aفايز نجيب اسكندر
245 1 0 _aالمسلمون والبيزنطيون والارمن صفحة مشرقة من تاريخ الفتوحات الاسلامية /
_cفايز نجيب اسكندر
260 _a[S.N] :
_bدار الحكمة اليمنية ،
_c1993
300 _a142ص
490 _a
650 0 4 _aالارمن
650 0 4 _aالفتوحات الاسلامية
650 0 4 _aالعصور الوسطى
650 0 4 _aالعرب والروم
650 0 4 _aالامبراطورية البيزنطية
650 0 4 _aارمينيا - تاريخ
942 _2ddc
_cBK
999 _c37299
_d37299